000 00563nam a2200181 4500
999 _c189774
_d189774
005 20220712160642.0
010 _aENG-133486
020 _a9788179663432
_c150.00
035 _aEN-117018
037 _bDBAD/PUB
082 _a883.08
100 _aYager, Jan
245 _aEasy Steps to Efective Business & Nonfiction Writing/
_cJan Yager
260 _aChennai
_bOlivannan Gopalakrishnan
_c2016
270 _a15A, First Floor, Casa Major Road, Egmore
_bChennai
_e600008
300 _axxxiii, 229p.
_c21cm(pbk)
942 _2ddc
_cEN
_h883.08
_mYAG